| 000 | 01254nam a2200325 i 4500 | ||
|---|---|---|---|
| 999 |
_c65634 _d65634 |
||
| 001 | 768714001 | ||
| 003 | CO-MdFUSB | ||
| 005 | 20200610164700.0 | ||
| 007 | ta | ||
| 008 | 200403t2003 maub|||| |||| 00| 0 eng d | ||
| 020 | _a9781565636057 | ||
| 040 |
_aCO-MdFUSB _bspa _cCO-MdFUSB _dCO-MdFUSBC _erda |
||
| 041 | _aeng | ||
| 082 |
_223 _a296.1119 _bSA194 |
||
| 100 |
_aSandgren, Leo Duprée. _eautor |
||
| 245 | 1 | 4 |
_aThe shadow of God : _bstories from early Judaism _c/ Leo Duprée Sandgren |
| 264 | 1 |
_aMassachusetts : _bHendrickson Publishers, _c[2003] |
|
| 264 | 4 | _c© 2003 | |
| 300 |
_a330 páginas _c; 23 cm |
||
| 336 |
_2rdacontent _atexto _btxt |
||
| 337 |
_2rdamedia _asin mediación _bn |
||
| 338 |
_2rdacarrier _avolumen _bnc |
||
| 500 | _aColección Dawn Christina Harrell | ||
| 505 | _aFigurines de arcilla. -- El dilema de Uriah. -- Grande es Yah de Elephantin. -- La previsión de Tobiah. -- Los sin ley. -- Los piadosos. -- De estiércol, Dust and a Dog. -- Una valla alrededor de la Torá. -- Sacrilegio. -- La boda. -- "Ya veo". -- La Embajada. -- Persuasión. -- El poder de la Nombre. -- Destinos. | ||
| 563 | _aRústico | ||
| 650 | 7 |
_9270 _aJudíos _xHistoria |
|
| 942 | _cBK | ||
| 945 | _aJTF-925 | ||